000 00449nam a2200145Ia 4500
008 180321s1999 xx 000 0 und d
020 _a0972-088X
082 _a333.721 NEG
100 _aNegi, Biju
245 _aEnvis: Wildlife and protected areas, Vol.2 No.1 Jun. 1999
260 _aDehradun
_bWildlife Institute of India
_c1999
300 _a156
650 _aCrocodile conservation - status
906 _aIndian Crocodilians, Bi-annual Bulletin
999 _c110791
_d110791